Elizabeth and Essex: A tragic history
Salvato in:
| Autore principale: | |
|---|---|
| Natura: | Libro |
| Lingua: | inglese |
| Pubblicazione: |
Londres
Chatto & Windus
1928
|
| Edizione: | 1a. ed |
| Soggetti: | |
| Tags: |
Aggiungi Tag
Nessun Tag, puoi essere il primo ad aggiungerne!!
|
MARC
| LEADER | 00000nam a2200000 a 4500 | ||
|---|---|---|---|
| 001 | UCJ4315 | ||
| 003 | CL-VaPUC | ||
| 008 | 070124e19280000UK |||||||||||||||||eng|d | ||
| 082 | 0 | 4 | |a 923 |b ISA |2 21 |
| 100 | 0 | |a Strachey, Lytton |e author |9 507747 | |
| 245 | 1 | 0 | |a Elizabeth and Essex: A tragic history |
| 250 | |a 1a. ed | ||
| 300 | |a 287 p | ||
| 942 | |c BK | ||
| 945 | |d 20070124 00:00:00 |a rinostro | ||
| 260 | |a Londres |b Chatto & Windus |c 1928 | ||
| 500 | |a Front.: Retrato de Isabel I de Inglaterra; iconografía conforme a lo señalado en el índice | ||
| 600 | 0 | 7 | |a ISABEL I DE INGLATERRA |2 CL-VaPUC |9 507748 |
| 600 | 0 | 7 | |a RALEIGH, SIR WALTER |2 CL-VaPUC |9 507749 |
| 600 | 0 | 7 | |a ESSEX, REBERT DEVEREUX, CONDE DE |2 CL-VaPUC |9 507750 |
| 600 | 0 | 7 | |a SALISBURY, ROBERT CECIL CONDE DE |2 CL-VaPUC |9 507751 |
| 600 | 0 | 7 | |a BACON, FRANCIS |2 CL-VaPUC |9 334502 |
| 650 | 7 | |a BIOGRAFIA |2 CL-VaPUC |9 504622 | |
| 650 | 0 | |a Anglicanismo |9 347523 | |
| 650 | 0 | |a Iconografía |9 267998 | |
| 650 | 7 | |a NOVELA HISTORICA |2 CL-VaPUC |9 315497 | |
| 651 | 0 | |a Inglaterra |9 255158 | |
| 583 | |a last modification |c 20070124 00:00:00 |k Rodrigo Vera | ||
| 999 | |c 320431 |d 320429 | ||
| 952 | |0 0 |1 0 |4 0 |6 923_000000000000000_ISA_1928 |7 0 |8 X |9 398951 |a FDOBUD |b FDOBUD |d 2019-11-22 |i 1016679 |o 923 ISA 1928 |p 1016679 |r 2019-11-22 |w 2019-11-22 |y BK_X |k BUD | ||